<?xml version="1.0" encoding="UTF-8"?>
<record
    xmlns:xsi="http://www.w3.org/2001/XMLSchema-instance"
    xsi:schemaLocation="http://www.loc.gov/MARC21/slim http://www.loc.gov/standards/marcxml/schema/MARC21slim.xsd"
    xmlns="http://www.loc.gov/MARC21/slim">

  <leader>01260nam a2200229Ia 4500</leader>
  <controlfield tag="005">20231102151243.0</controlfield>
  <controlfield tag="008">120720s2000    mx ao         000 0 spa d</controlfield>
  <datafield tag="020" ind1=" " ind2=" ">
    <subfield code="a">968181648X</subfield>
  </datafield>
  <datafield tag="050" ind1=" " ind2=" ">
    <subfield code="a">HV8073</subfield>
    <subfield code="b">M66 2000</subfield>
  </datafield>
  <datafield tag="100" ind1="1" ind2="0">
    <subfield code="a">Montiel Sosa, Juventino</subfield>
    <subfield code="e">autor</subfield>
  </datafield>
  <datafield tag="245" ind1=" " ind2=" ">
    <subfield code="a">Criminal&#xED;stica</subfield>
    <subfield code="c"> / Montiel Sosa, Juventino </subfield>
  </datafield>
  <datafield tag="260" ind1=" " ind2=" ">
    <subfield code="a">M&#xE9;xico</subfield>
    <subfield code="b"> : Limusa</subfield>
    <subfield code="c">, 2000</subfield>
  </datafield>
  <datafield tag="300" ind1=" " ind2=" ">
    <subfield code="a">237 p&#xE1;ginas</subfield>
    <subfield code="b"> : ilustraciones, fotograf&#xED;as</subfield>
  </datafield>
  <datafield tag="336" ind1=" " ind2=" ">
    <subfield code="a">texto </subfield>
  </datafield>
  <datafield tag="337" ind1=" " ind2=" ">
    <subfield code="a">sin medio</subfield>
  </datafield>
  <datafield tag="338" ind1=" " ind2=" ">
    <subfield code="a">volumen</subfield>
  </datafield>
  <datafield tag="504" ind1=" " ind2=" ">
    <subfield code="a">Incluye: bibliograf&#xED;a (tomo I) (pp. 235-237)</subfield>
  </datafield>
  <datafield tag="505" ind1=" " ind2=" ">
    <subfield code="a">Resumen hist&#xF3;rico
Confusi&#xF3;n respecto a la criminal&#xED;stica
Definici&#xF3;n y objetivos de la criminal&#xED;stica
Criminal&#xED;stica general
Indicios en general
Huellas y manchas
Otro tipo de manchas
Manchas de sangre
El lugar de los hechos
Metodolg&#xED;a general de investigaci&#xF3;n en el lugar de los hechos
Fijaci&#xF3;n del lugar de los hechos
Colecci&#xF3;n de indicios en el lugar de los hechos
Posiciones de cad&#xE1;veres
Conceptos metodol&#xF3;gicos de la investigaci&#xF3;n criminal&#xED;stica en el laboratorio
Resultados de la aplicaci&#xF3;n metodol&#xF3;gica de la criminal&#xED;stica en el lugar de los hechos y en el laboratorio</subfield>
  </datafield>
  <datafield tag="519" ind1=" " ind2=" ">
    <subfield code="a">Material Complementario / </subfield>
    <subfield code="d">(03 000621)</subfield>
  </datafield>
  <datafield tag="650" ind1="1" ind2="4">
    <subfield code="a">CRIMINAL&#xCD;STICA</subfield>
  </datafield>
  <datafield tag="942" ind1=" " ind2=" ">
    <subfield code="c">LB</subfield>
  </datafield>
  <datafield tag="952" ind1=" " ind2=" ">
    <subfield code="0">0</subfield>
    <subfield code="1">0</subfield>
    <subfield code="2">lcc</subfield>
    <subfield code="4">0</subfield>
    <subfield code="7">0</subfield>
    <subfield code="a">03</subfield>
    <subfield code="b">03</subfield>
    <subfield code="d">2001-05-15</subfield>
    <subfield code="l">7</subfield>
    <subfield code="o">HV8073 M66 2000</subfield>
    <subfield code="p">03 000621</subfield>
    <subfield code="r">2014-06-28</subfield>
    <subfield code="s">2014-06-28</subfield>
    <subfield code="t">1</subfield>
    <subfield code="w">2012-07-20</subfield>
    <subfield code="y">LB</subfield>
  </datafield>
  <datafield tag="999" ind1=" " ind2=" ">
    <subfield code="c">78831</subfield>
    <subfield code="d">78831</subfield>
  </datafield>
</record>
